000 00590nam a2200181 i 4500
001 25322
003 ES-MaACL
007 t|
008 021224s1926 sp ||||1| spa d
100 1 _aArmada Quiroga, Ramón.
_922904
245 1 0 _aTres novelas sin ejemplos ; A los pies del vagabundo ; El pecado de un místico ; Las alas cortadas /
_cpor Ramón Armada Quiroga.
260 _aMadrid :
_bJulio Cosano,
_c1926.
300 _a96 p. ;
_c19 cm.
740 0 _aA los pies del vagabundo.
740 3 _aEl pecado de un místico.
740 4 _aLas alas cortadas.
852 _aES-MaACL
_jB-9666
999 _c25322
_d25322